000
00269nam a22001217a 4500
003
SGT
082
_a
616.995
_b
P85S
100
_a
SMITH, D.W.
245
_a
PROTECTIVE EFFECT OF BCG IN EXPERIMENTAL
260
_a
BASEL
_b
KARGER
_c
1985
300
_a
97
942
_2
ddc
_c
BK
999
_c
14944
_d
14944